000 00614nam a2200193 i 4500
001 bg
100 1 _aFrolov, Ivan Timofeevič
_d(1929-1999).
245 1 0 _aPostęp nauki a przyszłość człowieka :
_bpróba ujęcia zagadnienia, dyskusje, uogólnienia /
_cIvan T. Frolow ; [tł. z ros. Eugeniusz Dowkan].
260 _a[Warszawa] :
_bWiedza Powszechna,
_c1974.
300 _as. 183, nlb. 1.
490 1 _aSygnały
500 _a[Na k. tyt. aut.] : Iwan Frołow.
830 _aSygnały
040 _cBPK
041 _apol
080 _a574:008.2
942 _cKS
008 s pl f |000 0 pol
999 _c18969
_d18969
856 _uhttp://koha.tu.koszalin.pl/cgi-bin/koha/opac-detail.pl?biblionumber=18969
_yKatalog online BPK